000 01256nam a22003377a 4500
003 CHAP
005 20220329143126.0
008 060602d2006 mx r 00110 spa d
010 _a92324
011 _a93296
035 _a103868
040 _cCHAP
090 _aTesis
100 1 _aRuíz González, Luis Gerardo.
_9100880
245 1 0 _aPropuesta de administración de maquinaria agrícola en el campo experimental del Colegio de Postgraduados
_c/por Luis Gerardo Ruíz González
260 _aChapingo, Méx. :
_bEl autor,
_c2006
300 _a80 h.
502 _aTesis (Ing. Mecánico Agrícola) -- UACH. Departamento de Ingeniería Mecánica Agrícola
590 _aALEPH
_b10
_c20130110
_lUCH01
_h1512
590 _aBATCH-UPD
_b10
_c20130110
_lUCH01
_h0809
590 _aBATCH-UPD
_b10
_c20130410
_lUCH01
_h0446
590 _aBATCH-UPD
_b10
_c20130914
_lUCH01
_h1759
590 _aCONVERSION
_b10
_c20130109
_lUCH01
_h1351
650 1 4 _aMaquinaria agrícola.
_971151
650 1 4 _aMecanización agrícola.
_973801
901 _aBK
905 _aAlejandra Carrasco M.
942 _cFOLL
949 _aTesis
_bBC
_cTES
_d00000001038681
_eTS1
_gDonaciØn
_h45347
_i103868
_sb
949 _aTesis
_bBC
_cTES
_d33724000992764
_eTS2
_fc.2
_gDonaciØn
_h45348
_i103868
_si
999 _c92324
_d92324